000
00213 a2200097 4500
001
37359
100
_a
Raees A Jaffari
245
_a
Muhabat Ka Inteqam
260
_a
Lahor
_b
Maqbool Acad
_c
090
_c
23830
_d
23830
942
_a
NUST-CAE
_c
M
_c
15370
999
_c
272432
_d
272432